000
00326nam a2200133Ia 4500
008
240112s1980 JAN-OCT xx 000 0 und d
041
_a
eng
082
_a
615.103
100
_a
SMITH C.
245
_a
SEMINARS IN HEMATOLOGY
260
_b
SEMINARS IN HEMAT.
_c
1980 JAN-OCT
300
_a
310,HB
_c
(1-4)
440
_v
17
999
_c
1142406
_d
1142406